000 00505nam a22001697a 4500
999 _c8931
_d8931
008 210305b ||||| |||| 00| 0 eng d
040 _aBMS College of Architecture
100 _aNandini, K
245 _aCulinary art institute
300 _a49.p
500 _a1BM08AT014
502 _8B.Arch
_NBMS College of Architecture, Visvesvaraya Technological University (VTU)
_aProject report
_d2013
650 _aInstitute
700 _aVaseem A S
_eGuide
700 _aSathish S Rao
_eGuide
942 _2ddc
_cTHE